000 00362pab a2200157 454500
008 180718b2005 xxu||||| |||| 00| 0 eng d
100 _aPrasad, Archana
245 _aTribals in Indian democracy
260 _c2005
300 _ap.12-24.
362 _aJan-Jun
650 _aTribes - India
650 _aTribes
773 _aAlpjan Quarterly
909 _a66067
999 _c66067
_d66067